Normale Ansicht MARC-Ansicht ISBD

Żveli sak̕art̕velos monumenturi mxatvroba da misi moamageni (Titelsatznr. 73991)

[ MARC ]
MARC-Details
000 -Satzkennung
Kontrollfeld mit fester Länge 00922nam a22003013u 4500
001 - Kontrollnummer
Kontrollfeld DHIM2026032413570029
003 - Kontrollnummer Identifier
Kontrollfeld RU-10907106
005 - Datum und Zeit der letzten Transaktion
Kontrollfeld 20260324140406.0
007 - Feld mit fester Länge zur physischen Beschreibung - Allgemeine Information
Kontrollfeld mit fester Länge tu
008 - Feld mit fester Länge zur physischen Beschreibung - Allgemeine Angaben
Kontrollfeld mit fester Länge 260324s2017 gaua||| c||| 000 0 geo d
020 ## - Internationale Standardbuchnummer
Verknüpfung 978-9941-9468-5-1
Internationale Standardbuchnummer 9789941946851
040 ## - Katalogisierungsquelle
Original-Katalogisierungsstelle RU-10907106
Katalogisierungssprache ger
Übertragungsstelle RU-10907106
041 ## - Sprachcode
Sprachcode des Textes/der Tonspur oder des separaten Titels geo
041 ## - Sprachcode
Sprachcode des Textes/der Tonspur oder des separaten Titels eng
110 ## - Haupteintragung - Körperschaftsname
Funktionsbezeichnungscode Georgian National Museum
245 #0 - Titel
Titel Żveli sak̕art̕velos monumenturi mxatvroba da misi moamageni
Zusatz zum Titel Old Georgian monumental paintings and its guardians
264 #1 - Produktion, Veröffentlichung, Distribution, Herstellung und Urheberrechtsvermerk
Herstellungs-, Veröffentlichungs- Vertriebs-, Erzeugungsort Tbilisi
Produzent, Herausgeber, Distributor, Hersteller Georgian National Museum
Datum der Herstellung, der Veröffentlichung, des Vertriebs oder des Urheberschutzvermerks 2017
300 ## - Physische Beschreibung
Umfang 320 Seiten
336 ## - Inhaltstyp
Quelle rdacontent
Inhaltstypterm Text
Inhaltstypcode txt
337 ## - Medientyp
Quelle rdamedia
Bezeichnung des Medientyps Ohne Hilfsmittel zu benutzen
Medientypcode n
338 ## - Datenträgertyp
Quelle rdacarrier
Datenträgertypbezeichnung Band
Datenträgertypcode nc
610 ## - Nebeneintragung unter einem Schlagwort - Körperschaftsname
Körperschafts- oder Gebietskörperschaftsname als Eintragungselement Georgian National Museum
Koha-Normdatenidentnummer 68943
650 ## - Nebeneintragung unter einem Schlagwort - Sachschlagwort
Sachschlagwort oder geografischer Name als Eintragungselement Monumentalkunst
Koha-Normdatenidentnummer 68944
650 ## - Nebeneintragung unter einem Schlagwort - Sachschlagwort
Sachschlagwort oder geografischer Name als Eintragungselement Kulturerbe
650 ## - Nebeneintragung unter einem Schlagwort - Sachschlagwort
Sachschlagwort oder geografischer Name als Eintragungselement Museum
651 ## - Nebeneintragung unter einem Schlagwort - Geografischer Name
Geografischer Name Georgien
942 ## - Zusätzliche Felder (Koha)
Klassifikation oder Aufstellungssystematik Andere/Generische Klassifikation
Koha-Medientyp Monographien
Exemplare
Ausgeschieden Verloren Klassifikation oder Aufstellungssystematik Beschädigt Nicht entleihbar Heimatbibliothek Aufenthaltsbibliothek Erwerbungsdatum Inventarnummer Signatur Barcode Letzte Aktivität Preis gültig von Koha-Medientyp
    Andere/Generische Klassifikation     MWN Osteuropa MWS-Büro Georgien 24/03/2026 26-00168 W 10 G v Cix 76925 24/03/2026 24/03/2026 Monographien